The Management of Houses in Multiple Occupation (England) Regulations 2006 (Record no. 105312)
[ view plain ]
| 000 -LEADER | |
|---|---|
| fixed length control field | 01576cam a2200241 4500 |
| 001 - CONTROL NUMBER | |
| control field | ##L133016 |
| 008 - FIXED-LENGTH DATA ELEMENTS--GENERAL INFORMATION | |
| fixed length control field | 060403n2006 000 0 eng u |
| 020 ## - INTERNATIONAL STANDARD BOOK NUMBER | |
| International Standard Book Number | 0110740742 |
| 035 ## - SYSTEM CONTROL NUMBER | |
| System control number | (Sirsi) u133016 |
| 041 0# - LANGUAGE CODE | |
| Language code of text/sound track or separate title | eng |
| 245 04 - TITLE STATEMENT | |
| Title | The Management of Houses in Multiple Occupation (England) Regulations 2006 |
| 260 ## - PUBLICATION, DISTRIBUTION, ETC. | |
| Place of publication, distribution, etc. | London |
| Name of publisher, distributor, etc. | TSO |
| Date of publication, distribution, etc. | 2006 |
| 490 #0 - SERIES STATEMENT | |
| Series statement | SI |
| Volume/sequential designation | 2006: 372 |
| 520 ## - SUMMARY, ETC. | |
| Summary, etc. | Apply to houses in multiple occupation (HMOs) in England but do not apply to converted blocks of flats to which the Housing Act 2004 s257applies. Imposes duties on a person managing an HMO in respect of: providing information to occupiers; taking safety measures, including fire safety measures; maintaining the water supply and drainage; supplying and maintaining gas and electricity, including having it regularly inspected; maintaining common parts, fixtures, fittings and appliances, maintaining living accommodation, and providing waste disposal facilities. Also imposes duties on occupiers of an HMO for the purpose of ensuring that the person managing it can effectively carry out the duties imposed on him by these Regulations. |
| 650 24 - SUBJECT ADDED ENTRY--TOPICAL TERM | |
| Topical term or geographic name entry element | HOUSING ACT 2004 |
| 650 24 - SUBJECT ADDED ENTRY--TOPICAL TERM | |
| Topical term or geographic name entry element | HOUSING ACT 2004 S234(3) |
| 650 24 - SUBJECT ADDED ENTRY--TOPICAL TERM | |
| Topical term or geographic name entry element | HOUSING ACT 2004 S257 |
| 650 24 - SUBJECT ADDED ENTRY--TOPICAL TERM | |
| Topical term or geographic name entry element | MANAGEMENT OF HOUSES IN MULTIPLE OCCUPATION (ENGLAND) REGULATIONS 2006 |
| 650 ## - SUBJECT ADDED ENTRY--TOPICAL TERM | |
| Topical term or geographic name entry element | HOUSING ACT 2004 PART II |
| 690 ## - LOCAL SUBJECT ADDED ENTRY--TOPICAL TERM (OCLC, RLIN) | |
| Topical term or geographic name as entry element | PROPERTY-RESIDENTIAL PROPERTY-RESIDENTIAL PROPERTY MANAGEMENT |
| 856 40 - ELECTRONIC LOCATION AND ACCESS | |
| Uniform Resource Identifier | <a href="https://www.opsi.gov.uk/si/si2006/20060372.htm">https://www.opsi.gov.uk/si/si2006/20060372.htm</a> |
| Public note | View the Regulations free of charge at www.opsi.gov.uk.. |
| 942 ## - ADDED ENTRY ELEMENTS (KOHA) | |
| Suppress in OPAC | 0 |
| Withdrawn status | Lost status | Source of classification or shelving scheme | Damaged status | Not for loan | Home library | Current library | Shelving location | Date acquired | Total Checkouts | Full call number | Barcode | Date last seen | Copy number | Price effective from | Koha item type |
|---|---|---|---|---|---|---|---|---|---|---|---|---|---|---|---|
| Dewey Decimal Classification | Virtual | Virtual | Online | 03/04/2006 | ONLINE PUBLICATION | 133016-2001 | 06/08/2019 | 1 | 06/08/2019 | Book |